France in different languages quiz - Statistics

General Stats
  • This quiz has been taken 13 times
  • The average score is 2 of 8
Answer Stats
Hint Answer % Correct
German Frankreich
92%
1.Spanish Francia
83%
Arabic Faransa
17%
Russian Frantsiya
17%
Punjabi Pharansa
17%
Armenian Fransia
8%
Danish Frankrig
0%
Greek Galllia
0%
No matching quizzes found
Score Distribution
Percent of People with Each Score
Percentile by Number Answered
Your Score History
You have not taken this quiz